Statistics for Chemicals by formula - Hard

Click here to take the quiz!

General Stats

  • This quiz has been taken 26 times
  • The average score is 5 of 12

Answer Stats

FormulaComound% Correct
NH3Ammonia
94%
H2OWater
89%
C6H12O6Glucose
72%
PbCl2Lead chloride
61%
Mg(NO3)2Magnesium nitrate
61%
C6H6 (cyclic)Benzene
33%
C11H22O11Maltose
22%
CH2O2Formic acid
11%
C10H16(another aromatic)Limonene
11%
C10H16 (aromatic)Pinene
11%
KH2PO4Potassium dihydrogen phosphate
11%
C20H14O4phenolphthalein
6%

Score Distribution

Percentile by Number Answered

Percent of People with Each Score

Your Score History

You have not taken this quiz